MDQL
is popping MORE tags! Check the
thread
!
Quizzes
Events
Quiz Creation
Community
Videos
Private Events
Remove Ads
Sign In
Join for FREE
Feedback
Dark Mode
Quiz Categories
Sports
Geography
Music
Movies
Television
Just For Fun
Miscellaneous
History
Literature
Language
Science
Gaming
Entertainment
Religion
Holiday
For Kids
Quiz Lab
Recent
Popular Today
Quiz Kudos Today
Editor Picks
Curator Picks
Quizzes by...
Day
Popularity
Type
Ratings
Length
Year
Community
Subscriptions
Recent Discussions
Orange Saloon
Badges
Playlists
Quests
Create
Leaderboards
Showdown
Live 5
Trivia Bingo
Activity
Puzzle Library
Sporcle Events
Private Events
Virtual Trivia
Globe League
Become a Host
Pub Owners
SporcleCon
Opinionation
Our Games
Videos
Blog
Mobile Apps
Partnerships
Remove Ads and Go Orange
Feedback
Sports
Athletes
MLB
NBA
NHL
NFL
Soccer
Sports Teams
WWE
NCAA
Football
Premier League
Basketball
Baseball
Hockey
Golf
Tennis
Cricket
Rugby
Auto Racing
Olympics
World Cup
Sports
Athletes
MLB
NBA
NHL
NFL
Soccer
Sports Teams
WWE
NCAA
Football
Premier League
Basketball
Baseball
Hockey
Golf
Tennis
Cricket
Rugby
Auto Racing
Olympics
World Cup
Random Quiz
Search Sporcle
×
Quiz Lab
Quiz Lab
Sports
WWE
Type in answers that appear in a list
Type in answers that appear in a list
Classic
Best Score? Go Orange.
Most Matches in PPV History: WWE Extreme Rules Stats
Name all WWE superstars who have competed in a match at the WWE Extreme Rules PPV ranked by most matches.
By
Shakabrah
25m
133 Questions
436 Plays
436 Plays
436 Plays
Comments
Comments
Give Quiz Kudos
Give Quiz Kudos
-
- Ratings
hide this ad
More Info
Replay
Link that replays current quiz
Next Quiz
Link to next quiz in quiz playlist
You Got
0%
They Got
Avg Score
38%
Avg Friend Score
Upgrade to see
Score Distribution
Jump to the score distribution portion of the page
Score
0/133
Timer
25:00
0
Plays Today
# of Matches
Wrestler
% Correct
7 (5-
-
1-
-
1)
John Cena
95.9%
7 (3-
-
4)
Randy Orton
87.8%
8 (6-
-
2)
Roman Reigns
87.8%
9 (5-
-
4)
Seth Rollins
87.6%
5 (4-
-
1)
Dean Ambrose
86.9%
3 (0-
-
3)
Triple H
83.7%
5 (4-
-
1)
CM Punk
83.5%
5 (1-
-
4)
Kane
82.6%
2 (0-
-
2)
Alexa Bliss
82.2%
3 (1-
-
2)
Drew McIntyre
81.1%
6 (1-
-
5)
The Big Show
81%
8 (5-
-
3)
Kofi Kingston
80.3%
5 (1-
-
4)
Daniel Bryan
78.7%
1 (1-
-
0)
Ronda Rousey
77.8%
6 (3-
-
3)
The Miz
77.5%
8 (5-
-
3)
Sheamus
77.3%
3 (1-
-
2)
Edge
77.3%
5 (2-
-
3)
Chris Jericho
76.1%
7 (4-
-
3)
Big E
76.1%
6 (2-
-
4)
Dolph Ziggler
75.2%
2 (1-
-
0-
-
1)
Becky Lynch
74.4%
3 (1-
-
2)
Batista
74.1%
6 (3-
-
3)
Cesaro
73.8%
1 (1-
-
0)
The Undertaker
72.2%
5 (1-
-
4)
Jeff Hardy
72%
4 (2-
-
2)
Bray Wyatt
72%
4 (2-
-
2)
AJ Styles
71.7%
3 (2-
-
1)
Brock Lesnar
71.1%
3 (0-
-
3)
Matt Hardy
70.6%
1 (1-
-
0)
Butch
70.4%
3 (1-
-
2)
Jimmy Uso
69.6%
3 (1-
-
2)
Jey Uso
69.6%
2 (2-
-
0)
Charlotte/Charlotte Flair
69.6%
2 (1-
-
1)
Christian
69.3%
5 (2-
-
3)
Jack Swagger
68.8%
3 (1-
-
2)
Wade Barrett
68.6%
2 (1-
-
0-
-
1)
Ryback
68.3%
5 (3-
-
2)
Xavier Woods
67.4%
2 (1-
-
1)
Liv Morgan
66.7%
1 (1-
-
0)
Damian Priest
66.7%
1 (1-
-
0)
Ridge Holland
66.7%
1 (0-
-
1)
Gunther
66.7%
2 (2-
-
0)
Alexa Bliss
66.5%
4 (1-
-
3)
Rey Mysterio
66.1%
2 (1-
-
1)
Alberto Del Rio
65.6%
# of Matches
Wrestler
% Correct
2 (0-
-
2)
R-Truth
65.6%
1 (0-
-
1)
Shane McMahon
65.6%
3 (1-
-
2)
Cody Rhodes
65.4%
2 (1-
-
1)
Samoa Joe
64.9%
2 (1-
-
0-
-
1)
Sasha Banks
64.5%
4 (2-
-
2)
Bayley
64.1%
4 (2-
-
2)
Rusev
63.5%
2 (1-
-
1)
Erick Rowan
63.4%
5 (2-
-
3)
Finn Balor
63.3%
1 (1-
-
0)
Matt Riddle
63%
4 (3-
-
1)
Kevin Owens
62.7%
3 (1-
-
2)
Braun Strowman
62.4%
1 (1-
-
0)
Scott Dawson
62.2%
2 (1-
-
1)
Luke Harper
62.2%
3 (3-
-
0)
Shinsuke Nakamura
61.3%
1 (1-
-
0)
Dash Wilder
61.1%
2 (0-
-
2)
Mark Henry
60.3%
1 (0-
-
1)
Sami Zayn
59.4%
2 (1-
-
1)
Nikki Bella
59.4%
1 (0-
-
1)
Ludwig Kaiser
59.3%
1 (0-
-
1)
Giovanni Vinci
59.3%
2 (0-
-
2)
John Morrison
58.3%
2 (0-
-
2)
Nikki Cross
57.8%
1 (0-
-
1)
Lacey Evans
56.7%
3 (1-
-
2)
Baron Corbin
56.5%
3 (1-
-
2)
Bobby Lashley
56.5%
2 (1-
-
0-
-
1)
Bianca Belair
56.4%
1 (0-
-
1)
Natalya
55.8%
2 (1-
-
1)
Tyson Kidd
54.8%
2 (2-
-
0)
Layla
54.1%
1 (0-
-
1)
Montez Ford
53.8%
1 (0-
-
1)
Angelo Dawkins
53.8%
2 (2-
-
0)
Santino Marella
53.4%
1 (1-
-
0)
Drew Gulak
53.3%
1 (1-
-
0)
Luke Gallows
53.3%
1 (0-
-
1)
Nia Jax
52.7%
1 (1-
-
0)
Karl Anderson
52.5%
1 (0-
-
1)
Tucker
52.2%
1 (1-
-
0)
Paige
52.2%
2 (1-
-
1)
Kalisto
52.2%
1 (1-
-
0)
Beth Phoenix
51.1%
1 (1-
-
0)
Aleister Black
51.1%
1 (0-
-
1)
Otis
51.1%
1 (0-
-
1)
Rob Van Dam
50.6%
2 (0-
-
2)
Michelle McCool
50.5%
# of Matches
Wrestler
% Correct
1 (0-
-
1)
Tony Nese
50%
2 (0-
-
2)
Montel Vontavious Porter
49.8%
1 (0-
-
1)
Murphy
49.2%
1 (0-
-
1)
Naomi
48.8%
1 (0-
-
1)
Ricochet
46.7%
2 (2-
-
0)
Neville
45.2%
1 (1-
-
0)
Curtis Axel
45.2%
2 (1-
-
1)
Carmella
44.6%
2 (0-
-
1-
-
1)
Asuka
44.6%
1 (0-
-
1)
Fandango
44.3%
1 (0-
-
1)
Vickie Guerrero
43.8%
1 (0-
-
1)
Omos
43.6%
1 (0-
-
1)
Sin Cara
43.5%
1 (0-
-
1)
Chavo Guerrero
43.3%
1 (1-
-
0)
Bo Dallas
42.5%
1 (0-
-
1)
Tamina Snuka
42.4%
1 (0-
-
1)
Umaga
41.7%
1 (1-
-
0)
Eric Young
41.4%
1 (1-
-
0)
Karrion Kross
40.7%
1 (1-
-
0)
JTG
40.4%
1 (1-
-
0)
DH Smith
40.1%
1 (0-
-
1)
Ezekiel Jackson
39.9%
1 (0-
-
1)
William Regal
39.7%
1 (0-
-
1)
Alicia Fox
38.6%
1 (0-
-
1)
Aiden English
37.7%
1 (1-
-
0)
Brodus Clay
37.2%
1 (0-
-
1)
Shad
37.2%
1 (0-
-
1)
Jerry Lawler
36.5%
1 (1-
-
0)
Tommy Dreamer
36.5%
1 (1-
-
0)
Michael Cole
35.6%
1 (0-
-
1)
Simon Gotch
35.5%
1 (0-
-
1)
Apollo Crews
35.1%
1 (0-
-
1)
Hornswoggle
34.4%
1 (0-
-
1)
Jim Ross
33%
1 (1-
-
0)
Alexander Wolfe
32.8%
1 (1-
-
0)
Killian Dain
32.8%
1 (1-
-
0)
El Torito
32.4%
1 (1-
-
0)
Andrade Almas
31.2%
1 (0-
-
1)
Noam Dar
30.7%
1 (0-
-
1)
Austin Aries
30.3%
1 (1-
-
0)
Rich Swann
29.5%
1 (0-
-
1)
Jay Hatton
13.3%
1 (0-
-
1)
Aaron Relic
12.8%
Quiz Playlist
Details
Report
Send in Message
Add To Playlist
More Info:
Name all WWE superstars who have competed in a match at the WWE Extreme Rules PPV ranked by most matches.
Classic:
Type in answers that appear in a list
Last Updated: Aug 27, 2023
Quiz Scoreboard
CHALLENGE
Sign Up to Join the Scoreboard
Show All
Scores
Hide
Comments
May contain spoilers
Recently Published
1-10 Letter E Words III
by El_Dandy
Language
2m
Street Fighter Characters
by Artimus82
Gaming
60s
College Basketball Coaching Resumes
by pancakes188
Sports
9m
More to Explore
Quiz From the Vault
Featured Blog Post
Where Did the Easter Bunny Come From?
hide this ad
You Might Also Like...
Tags
WWE Quiz
champion
Extreme
loss
PPV
record
tie
Win
Today's Top Quizzes in Sports
Browse Sports
hide this ad
Today's Top Quizzes in WWE
Browse WWE
Top Contributed Quizzes in Sports
1
2022 World Cup Stars
2
Les meilleurs buteurs des matchs entre le PSG et l’OM
3
FIFA Club World Cup Champions
4
Les entraîneurs de l'OM et du PSG au 21e siècle
5
Criteria MLB: Left Handed Sluggers
6
2023 MLB Unique Player Accomplishments
7
AFC Teams Reveal (Wrong Answers Minefield)
8
Players with Multiple 50 Home Run Seasons
9
5-to-1: FBS Animal Nicknames
10
5-to-1: UK Sports Teams
Explore More
Trending Topics
Harry Potter
Marvel
Anime
Disney
NBA
Crossword
Kpop
WWE
Puzzle
Country
Song
The Office
NFL
Pokémon
Soccer
hide this ad
More By:
Shakabrah
Quiz
Plays
Rating
Category
Featured
Created
WWE Men's Royal Rumble match entrants (1988-2024)
15,832
4.43
Sports
Jan 9, 2017
Champions of the WWE (Main Brands)
14,015
4.96
Sports
Jun 16, 2014
All Former Champions of the WWE
10,613
4.74
Sports
Jul 1, 2014
Championship Matches in NXT - Top 30
7,944
4.60
Sports
Jun 1, 2014
WWE Universal Championship Challengers
6,714
5.00
Sports
Apr 15, 2017
Go to Creator's Profile
Score Distribution
Quiz Creator Spotlight
Shakabrah
Follow
Send a Message
Quizzes Created
-
Created Quiz Play Count
-
More By This Creator
Popular Quizzes Today
1
Find the US States - No Outlines Minefield
2
Find the Countries of Europe - No Outlines Minefield
3
The Countries of the World
4
Find the US States
5
Risky Map Clicking: Biggest States A-Z
6
US States
7
Popular People in 1961
8
Movies - When Are They Set?
More Sports Quizzes
F1 Tracks Nico Rosberg has conquered
Curator's Pick
Trending Quizzes
Risky Map Clicking: Least Populous States A-Z
1-10 Letter G Words
1-10 Letter F Words
Countries of the World: 200 Million BC
Risky Map Clicking: Next State Alphabetically
Recently Updated
Beyoncé Albums
pecheneg
Leaping Animals
pecheneg
Reality TV Shows (A-Z)
bhenderson79
Rickey Henderson's Hall of Fame Teammates
pecheneg
Champions League XIs: Arsenal
pecheneg
Quick Pick: Celebrities in WWE's Hall of Fame
aduchscher
A-Z Keypad Blitz II
pecheneg
Multiple Oscar Actors
pecheneg
Mystery Phrase Blitz: Oscar 'Best Actors'
pecheneg
F. Scott Fitzgerald Novels
LTH
Trending Topics
Marvel
Kpop
Harry Potter
Crossword
NBA
Anime
Disney
Song
NFL
WWE
Country
The Office
Pokémon
Soccer
Puzzle
Your Account Isn't Verified!
In order to create a playlist on Sporcle, you need to verify the email address you used during registration. Go to your
Sporcle Settings
to finish the process.
Report this User
Report this user for behavior that violates our
Community Guidelines
.
Details:
Send Report
Go to the Sporcle.com Mobile Site →
Comments